000260445 001__ 260445
000260445 005__ 20240928175405.0
000260445 0247_ $$aG:(GEPRIS)421052875$$d421052875
000260445 035__ $$aG:(GEPRIS)421052875
000260445 040__ $$aGEPRIS$$chttp://gepris.its.kfa-juelich.de
000260445 150__ $$aMorphologie und Eigenbewegung von Partikeln in Plasmen$$y2019 -
000260445 371__ $$aProfessor Dr. Dietmar Block
000260445 450__ $$aDFG project G:(GEPRIS)421052875$$wd$$y2019 -
000260445 5101_ $$0I:(DE-588b)2007744-0$$aDeutsche Forschungsgemeinschaft$$bDFG
000260445 680__ $$aDieses Projekt ist der Nachfolger des DGF-Projektes mit dem Titel "Veränderung von Größe und Morphologie von Mikropartikeln in Plasmen". Trotz der Corona-Krise und eingeschränkten Zugang zu Laboren wurde eine Reihe von wichtigen Ergebnissen erzielt. Der Messaufbau konnte optimiert werden und erlaubt nun neben der Größen- auch eine in-situ Messung des komplexen Brechungsindexes mit hoher Genauigkeit und guter zeitlicher Auflösung. Es wurde ferner gefunden, dass die Ätzraten bei MF-Partikeln wesentlich von der Sauerstoffkonzentration im Plasma abhängen. Es konnte beobachtet werden, dass durch das Ätzen morphologische Änderungen an der Partikeloberfläche auftreten. Jüngste Ergebnisse legen nahe, dass es möglich ist die Rotation (Spinning) von Partikeln messen zu können. Im Rahmen des neu beantragten Projektes sollen insbesondere nicht-sphärische und beschichtete/core-shell Partikel untersucht werden. Das besondere Augenmerk gilt hier der selbstgetriebenen Bewegung der Partikel und wie diese durch die Oberflächeneigenschaften beeinflusst wird.
000260445 909CO $$ooai:juser.fz-juelich.de:927048$$pauthority$$pauthority:GRANT
000260445 909CO $$ooai:juser.fz-juelich.de:927048
000260445 980__ $$aG
000260445 980__ $$aAUTHORITY